| 000 | 02524cam a22005894i 4500 | ||
|---|---|---|---|
| 003 | PE-LiUPU | ||
| 005 | 20250731172920.0 | ||
| 008 | 150623s1992 miu rb 001 0 eng d | ||
| 020 | _a0802806899 | ||
| 020 | _a0830826971 | ||
| 020 | _a9780802806895 | ||
| 020 | _a9780830826971 | ||
| 035 | _a(Sirsi) a20238 | ||
| 040 |
_aPE-LiUPU _bspa _cPE-LiUPU _erda |
||
| 049 | _aPRUA | ||
| 082 | 0 | 4 |
_a248.309015 _bP48 _220 |
| 100 | 1 |
_aPeterson, David, _d1944-, _eautor. |
|
| 245 | 1 | 0 |
_aEngaging with God : _ba biblical theology of worship / _cDavid Peterson. |
| 264 | 1 |
_aGrand Rapids, Michigan : _bWilliam B. Eerdmans publishing company, _c1992. |
|
| 264 | 1 |
_aDowners Grove, Ill. : _bInterVarsity Press, _c1992 |
|
| 300 |
_a317 páginas ; _c23 centímetros |
||
| 336 |
_atext _2rdacontent |
||
| 337 |
_aunmediated _2rdamedia |
||
| 338 |
_avolume _2rdacarrier |
||
| 504 | _aBibliografía al final de cada capítulo. | ||
| 504 | _aÍndice: páginas 294-317. | ||
| 505 | 0 | _aEngaging with god in the old testament -- Honouring, serving and respecting god -- Jesus and the new temple -- Jesus and the new covenant -- Temple and community in the acts of the apostles -- Paul and the service of the gospel -- Serving god in the assembly of his people -- The book of hebrews and the worship of Jesus -- Worship in the revelation to John -- Worship and the gospel - a summary. | |
| 526 | _aSEG42 | ||
| 526 | _aSEG41 | ||
| 526 | _aSEG40 | ||
| 526 | _aSEG39 | ||
| 526 | _aP94 | ||
| 526 | _aP87 | ||
| 526 | _aP86 | ||
| 526 | _aP85 | ||
| 526 | _aP77 | ||
| 526 | _aP76 | ||
| 526 | _aP35 | ||
| 630 |
_aBiblia _xTeología. _96082 |
||
| 650 | 0 | 4 |
_aCulto _xEnseñanza bíblica. |
| 650 | 0 | 4 |
_aCulto público _xEnseñanza Bíblica. |
| 910 |
_adbm _bjpc _cjpc _d20190717 |
||
| 942 |
_2ddc _cBOOK |
||
| 994 |
_aC0 _bPEPRU |
||
| 596 | _a1 | ||
| 999 |
_a248.309015 P48 _wDEWEY _c20107 _i42522 _f2021-11-11 _g6 _lCCODEBUL1 _mBUL _p21.00 _r0 _sY _tBOOK _u2015-6-24 _xTEOLOGIA _PP35 _0COMPRA _o.STAFF. Colección Teología _d20107 |
||
| 999 |
_a248.309015 P48 _wDEWEY _c2 _i43705 _f2021-11-11 _g6 _lCCODEBUL1 _mBUL _p21.00 _r0 _sY _tBOOK _u2015-6-24 _xTEOLOGIA _PP35 _0COMPRA _o.STAFF. Colección Teología |
||
| 999 |
_a248.309015 P48 _wDEWEY _c3 _i80404 _f2021-11-10 _g3 _lCCODEBUL1 _mBUL _p21.00 _r0 _sY _tBOOK _u2019-7-17 _xTEOLOGIA _PP35 _0DONACION _o.STAFF. Colección Teología |
||
| 980 |
_81 _gALBERTO SANCHEZ Responsable de Automatización |
||